000 00934nam a2200253 a 4500
001 BRCA_4281
005 20190320204619.0
008 960119s1994 mx-a#####b---f000-0#spa-d
020 _a9681645316
041 _aspa
044 _amx
050 4 _aF1210
_b.O53 1994
245 1 0 _a!Las once y serenooo!
_btipos mexicanos : siglo XIX
_cintroducción, selección de textos e investigación iconográfica Cristina Barros y Marco Buenrostro.
260 _aMéxico
_bCONACULTA, Dirección General de Publicaciones : FCE
_c1994
300 _a130 p.
_bil. (algunas a color)
_c27 cm.
440 0 _aSección de obras de historia
_911021
500 _aIncluye glosario
504 _aBibliografía: p. 126-129
650 1 4 _aVenta ambulante
_xHistoria
_ySiglo XIX
_zMéxico
_911022
651 4 _aMéxico
_xVida social y costumbres
_ySiglo XIX
_911023
700 1 _aBarros, Cristina
_911024
700 1 _aBuenrostro, Marco
_911025
942 _2lcc
_cB
999 _c3992
_d3992